00318nam a2200121Ia 4500008004100000041000800041082001500049100002200064245004400086260003200130300002700162365000700189240624s9999 xx 000 0 und d aeng a651.75 BEG aBEGLEY KATHLEEN A aWRITING THAT SELLS PERSUADING OTHERS TO c2004aNew DelhibViva Books aviii, : 110 : cm. ; 22 cRS